[Event "TUR Cup"]
[Site "Denizli"]
[Date "2023.07.18"]
[Round "4"]
[White "Gulbeyaz, Emir"]
[Black "Berkun, Denizcan"]
[Result "1-0"]
[WhiteElo "2213"]
[BlackElo "2114"]
[PlyCount "131"]
[EventDate "2023.07.16"]
[EventType "team-tourn"]
[EventRounds "9"]
[EventCountry "TUR"]
[SourceTitle "CBM 215 Extra"]
[Source "ChessBase"]
[SourceDate "2023.09.30"]
[SourceVersion "1"]
[SourceVersionDate "2023.09.30"]
[SourceQuality "1"]

1. d4 d5 2. Bf4 Nf6 3. e3 c5 4. Nf3 Nc6 5. Nbd2 cxd4 6. exd4 Bf5 7. c3 e6 8. Qb3 Bd6 9. Qxb7 Bxf4 10. Qxc6+ Kf8 11. Ne5 g6 12. f3 h5 13. Qb7 Bxe5 14. dxe5 Nd7 15. Qb4+ Kg7 16. Qd4 Qb8 17. 0-0-0 Qxe5 18. Nb3 Rhc8 19. Bb5 Qxd4 20. Nxd4 Nb6 21. Rhe1 Nc4 22. Ba6 Rc7 23. b3 Na5 24. Kb2 Rb8 25. b4 Nc6 26. a3 Nxd4 27. Rxd4 Rb6 28. Bf1 Rbc6 29. Rc1 Kf6 30. a4 g5 31. a5 Rd6 32. c4 Rdd7 33. c5 e5 34. Rd2 d4 35. Ba6 Rd5 36. Bc4 Rd8 37. Ba6 Rd5 38. Ka3 Ke7 39. Bc4 Rd8 40. Bb3 Bd7 41. Re1 Kf6 42. Bc4 Be6 43. Be2 Ke7 44. Rc1 f5 45. Bd3 Rdc8 46. Ba6 Rd8 47. Bd3 Rdc8 48. Ba6 Rd8 49. Bd3 Rd5 50. Bc4 Rd8 51. Bd3 Rd5 52. Bc4 Rd8 53. Bd3 Bc8 54. b5 a6 55. b6 Rc6 56. Rb2 Rd7 57. Bxf5 Bb7 58. Bxd7 Kxd7 59. Kb4 Ke6 60. Re2 Kd5 61. Re4 Bc8 62. Rce1 Re6 63. c6 Kxc6 64. Rxe5 Rd6 65. Re7 Bd7 66. Rc1+ 1-0

[Event "TUR-chT2"]
[Site "Konya"]
[Date "2018.07.13"]
[Round "6.7"]
[White "Vardar, Harun"]
[Black "Berkun, Denizcan"]
[Result "1-0"]
[WhiteElo "1832"]
[BlackElo "2061"]
[PlyCount "107"]
[EventDate "2018.07.10"]
[EventType "team-swiss"]
[EventRounds "9"]
[EventCountry "TUR"]
[SourceTitle "EXT 2019"]
[Source "ChessBase"]
[SourceDate "2018.10.10"]
[SourceVersion "1"]
[SourceVersionDate "2018.10.10"]
[SourceQuality "1"]
[WhiteTeam "Sakarya Buyuksehir"]
[BlackTeam "Trabzon Feda"]
[WhiteTeamCountry "TUR"]
[BlackTeamCountry "TUR"]

1. f4 g6 2. Nf3 Bg7 3. e3 d6 4. d4 Nf6 5. Bd3 Bf5 6. 0-0 0-0 7. Qe2 Bxd3 8. Qxd3 Nc6 9. c3 e5 10. Nbd2 Re8 11. Ng5 exd4 12. exd4 Ne7 13. Nge4 Nf5 14. Nxf6+ Qxf6 15. Nf3 Qe7 16. Re1 Qxe1+ 17. Nxe1 Rxe1+ 18. Kf2 Rae8 19. Rb1 Rh1 20. Bd2 Rxh2 21. Kg1 Rh4 22. Qf3 h5 23. Re1 Rb8 24. Re2 c6 25. d5 c5 26. Qd3 a6 27. a3 Bh6 28. g3 Rh3 29. Be1 Nxg3 30. Bxg3 h4 31. Re3 hxg3 32. Rxg3 Rh4 33. f5 g5 34. Qe3 Kf8 35. f6 Re8 36. Qd3 g4 37. Qf5 Re5 38. Qc8+ Re8 39. Qf5 Re5 40. Qc8+ Re8 41. Qd7 Be3+ 42. Kg2 Bf4 43. Rxg4 Rxg4+ 44. Qxg4 Bh6 45. Qh5 Bg7 46. fxg7+ Kxg7 47. Qg4+ Kf6 48. Qd7 Rg8+ 49. Kf3 Rg1 50. Qxd6+ Kg7 51. Qxc5 Rf1+ 52. Kg2 Rb1 53. Qb6 Rd1 54. d6 1-0

[Event "TUR-chT2"]
[Site "Konya"]
[Date "2018.07.10"]
[Round "1.15"]
[White "Berkun, Denizcan"]
[Black "Yigiter, Fatih"]
[Result "1-0"]
[WhiteElo "2061"]
[BlackElo "1600"]
[PlyCount "133"]
[EventDate "2018.07.10"]
[EventType "team-swiss"]
[EventRounds "9"]
[EventCountry "TUR"]
[SourceTitle "EXT 2019"]
[Source "ChessBase"]
[SourceDate "2018.10.10"]
[SourceVersion "1"]
[SourceVersionDate "2018.10.10"]
[SourceQuality "1"]
[WhiteTeam "Trabzon Feda"]
[BlackTeam "Edeler Gorme"]
[WhiteTeamCountry "TUR"]
[BlackTeamCountry "TUR"]

1. Nf3 d5 2. c4 c6 3. g3 Nf6 4. Bg2 g6 5. 0-0 Bg7 6. cxd5 cxd5 7. d4 0-0 8. Ne5 Nc6 9. Nxc6 bxc6 10. Bf4 Nh5 11. Be3 Qb6 12. b3 Qb4 13. a3 Qd6 14. Nc3 a5 15. Na4 Rb8 16. Nc5 Re8 17. Qd2 e5 18. dxe5 Bxe5 19. Rac1 Ra8 20. Bd4 Bxd4 21. Qxd4 Rxe2 22. Bf3 Re5 23. Bxh5 Rxh5 24. Ne4 Qe5 25. Nf6+ Kh8 26. Qc5 Bh3 27. Nxh5 Qxh5 28. Rfe1 Qf3 29. Qc3+ Qxc3 30. Rxc3 Rb8 31. Rb1 Bd7 32. Rc5 Re8 33. f3 Kg7 34. Kf2 Kf6 35. Re1 Rb8 36. Re3 Ra8 37. Ke1 h5 38. Kd2 Ra6 39. Kc3 Be6 40. Kd4 Ke7 41. g4 hxg4 42. fxg4 Kd6 43. Rg3 g5 44. h3 Ra8 45. Rcc3 Bd7 46. Rgf3 Ke7 47. Ke5 Be6 48. Rxc6 Kd7 49. Rc5 Re8 50. Kd4 Ra8 51. Rfc3 Ke7 52. Ke5 f6+ 53. Kd4 Ra6 54. Rc7+ Kd6 55. Rb7 f5 56. gxf5 Bxf5 57. Rg7 a4 58. Rxg5 Be4 59. b4 Ra8 60. b5 Re8 61. Rc6+ Kd7 62. Rg7+ Kd8 63. Ra6 Bf5 64. b6 Re4+ 65. Kxd5 Re8 66. Ra8+ Bc8 67. b7 1-0

[Event "Istanbul op-A 10th"]
[Site "Istanbul"]
[Date "2011.09.15"]
[Round "5"]
[White "Berkun, Denizcan"]
[Black "Erdogdu, Mert"]
[Result "0-1"]
[WhiteElo "2045"]
[BlackElo "2431"]
[PlyCount "96"]
[EventDate "2011.09.12"]
[EventType "swiss"]
[EventRounds "9"]
[EventCountry "TUR"]
[SourceTitle "CBM 144 Extra"]
[Source "ChessBase"]
[SourceDate "2011.10.28"]
[SourceVersion "1"]
[SourceVersionDate "2011.10.28"]
[SourceQuality "1"]

1. e4 c5 2. Nf3 d6 3. Bb5+ Nc6 4. 0-0 Bd7 5. c3 Nf6 6. Re1 a6 7. Bf1 Bg4 8. d3 e6 9. Bf4 Be7 10. Nbd2 0-0 11. a4 d5 12. h3 Bh5 13. Qb3 Na5 14. Qc2 Rc8 15. Be2 Bg6 16. Ne5 Nc6 17. Ndf3 Nd7 18. Nxg6 hxg6 19. Nd2 g5 20. exd5 exd5 21. Bg3 Nf6 22. Bf3 Bd6 23. Nf1 Bf4 24. Re2 Rc7 25. Rae1 Re7 26. Rxe7 Nxe7 27. Qb3 Qc7 28. a5 Rd8 29. Bxf4 gxf4 30. Nd2 Kf8 31. Qa3 Rd6 32. Nb3 Nd7 33. d4 c4 34. Nc1 Re6 35. Rxe6 fxe6 36. Bg4 Kf7 37. Ne2 Nf6 38. Bf3 Ng6 39. Qa1 Nh4 40. Bg4 Nxg4 41. hxg4 f3 42. gxf3 Nxf3+ 43. Kg2 Nh4+ 44. Kg1 e5 45. Qc1 Qd7 46. Ng3 Qxg4 47. dxe5 Qh3 48. Qf4+ Kg8 0-1